| Tag |
First Indicator |
Second Indicator |
Subfields |
| LEADER |
00000cam a2200000 a 4500 |
| 001 |
in00002340621 |
| 005 |
20151108045742.0 |
| 008 |
070924s2007 be a b 000 0 eng d |
| 020 |
|
|
|a 9789066055001
|
| 020 |
|
|
|a 9066055006
|
| 035 |
|
|
|a (OCoLC)ocn173259811
|
| 040 |
|
|
|a LHL
|c LHL
|d TXA
|d UtOrBLW
|
| 049 |
|
|
|a TXAM
|
| 090 |
|
|
|a SB414.64
|b .I575 2006
|
| 111 |
2 |
|
|a International Symposium on Protected Cultivation in Mild Winter Climates
|n (8th :
|d 2006 :
|c Agadir, Morocco)
|
| 245 |
1 |
0 |
|a Proceedings of the VIIIth International Symposium on Protected Cultivation in Mild Winter Climates :
|b advances in soil and soilless cultivation under protected environment /
|c [editors A. Hanafi, W.H. Schnitzler] ; co-conveners, A. Hanafi, W.H. Schnitzler ; ISHS Commission Protected Cultivation [and others].
|
| 246 |
3 |
|
|a Proceedings of the eighth International Symposium on Protected Cultivation in Mild Winter Climates
|
| 246 |
3 |
|
|a Proceedings of the 8th International Symposium on Protected Cultivation in Mild Winter Climates
|
| 246 |
3 |
|
|a Advances in soil and soilless cultivation under protected environment
|
| 264 |
|
1 |
|a Leuven, Belgium :
|b International Society for Horticultural Science,
|c [2006]
|
| 264 |
|
4 |
|c ©2006
|
| 300 |
|
|
|a 584 pages :
|b illustrations ;
|c 24 cm.
|
| 336 |
|
|
|a text
|b txt
|2 rdacontent
|
| 337 |
|
|
|a unmediated
|b n
|2 rdamedia
|
| 338 |
|
|
|a volume
|b nc
|2 rdacarrier
|
| 490 |
1 |
|
|a Acta horticulturae,
|v no. 747
|
| 500 |
|
|
|a "August 2007"--Title page.
|
| 504 |
|
|
|a Includes bibliographical references.
|
| 650 |
|
0 |
|a Horticulture
|v Congresses.
|
| 650 |
|
0 |
|a Greenhouse management
|v Congresses.
|
| 650 |
|
0 |
|a Greenhouses
|x Climate
|v Congresses.
|
| 700 |
1 |
|
|a Hanafi, Abdelhaq.
|
| 700 |
1 |
|
|a Schnitzler, W.
|q (Wilfried)
|
| 710 |
2 |
|
|a International Society for Horticultural Science.
|b Commission Protected Cultivation.
|
| 830 |
|
0 |
|a Acta horticulturae ;
|v no. 747.
|
| 948 |
|
|
|a cataloged
|b h
|c 2007/10/24
|d c
|e dmitchel
|f 9:00:00 am
|
| 994 |
|
|
|a C0
|b TXA
|
| 999 |
|
|
|a MARS
|
| 999 |
f |
f |
|s b2467254-b478-388b-9631-2990e0e44101
|i 5e119166-14de-34d3-96ac-5b95d5878ba8
|t 0
|
| 952 |
f |
f |
|p ric
|a Texas A&M University
|b Rellis Campus
|c Joint Library Facility
|d Remote Storage
|t 0
|e SB414.64 .I575 2006
|h Library of Congress classification
|i unmediated -- volume
|m A14836597480
|
| 998 |
f |
f |
|a SB414.64 .I575 2006
|t 0
|l Remote Storage
|